Poo ari: madu madipu nudikatt (Record no. 211842)

MARC details
000 -LEADER
fixed length control field 00684nam a2200217Ia 4500
003 - CONTROL NUMBER IDENTIFIER
control field OSt
005 - DATE AND TIME OF LATEST TRANSACTION
control field 20250918123219.0
008 - FIXED-LENGTH DATA ELEMENTS--GENERAL INFORMATION
fixed length control field 210719s2016 xx 000 0 und d
040 ## - CATALOGING SOURCE
Transcribing agency AL
041 ## - LANGUAGE CODE
Language code of text/sound track or separate title Tulu
082 ## - DEWEY DECIMAL CLASSIFICATION NUMBER
Classification number T894.4 NAVP
100 ## - MAIN ENTRY--PERSONAL NAME
Personal name NAVIN SUVARNA PADRE
Dates associated with a name ನವೀನ್ ಸುವರ್ಣ ಪಡ್ರೆ
9 (RLIN) 239382
245 ## - TITLE STATEMENT
Title Poo ari: madu madipu nudikatt
Remainder of title ಪೂ ಅರಿ: ಮದು ಮದಿಪು ನುಡಿಕಟ್ಟ್
260 ## - PUBLICATION, DISTRIBUTION, ETC.
Place of publication, distribution, etc. Surathkal
Date of publication, distribution, etc. 2016
300 ## - PHYSICAL DESCRIPTION
Extent xxii,168
Other physical details PB
365 ## - TRADE PRICE
Price amount 150
Currency code Rs
650 ## - SUBJECT ADDED ENTRY--TOPICAL TERM
Topical term or geographic name entry element Tulu Literature
9 (RLIN) 239383
650 ## - SUBJECT ADDED ENTRY--TOPICAL TERM
Topical term or geographic name entry element Tulu Prose
9 (RLIN) 239384
906 ## - LOCAL DATA ELEMENT F, LDF (RLIN)
a ari: ; madipu ; madu ; nudikatt ; Poo ; Pu
942 ## - ADDED ENTRY ELEMENTS (KOHA)
Source of classification or shelving scheme Dewey Decimal Classification
Koha item type Book
Holdings
Withdrawn status Lost status Source of classification or shelving scheme Damaged status Not for loan Collection code Home library Current library Shelving location Date acquired Source of acquisition Cost, normal purchase price Total Checkouts Total Renewals Full call number Barcode Date due Date last seen Date last checked out Cost, replacement price Price effective from Koha item type
    Dewey Decimal Classification     Tulu St Aloysius Library St Aloysius Library Stack Section 02/24/2021 General Annual | Navakarnataka Publication Pvt Ltd Mangalore 150.00 4 1 T894.4 NAVP 074656 08/28/2026 04/30/2026 04/30/2026 120.00 07/19/2021 Book